<?xml version="1.0" encoding="UTF-8"?><?xml-stylesheet type="text/xsl" href="static/style.xsl"?><OAI-PMH xmlns="http://www.openarchives.org/OAI/2.0/" xmlns:xsi="http://www.w3.org/2001/XMLSchema-instance" xsi:schemaLocation="http://www.openarchives.org/OAI/2.0/ http://www.openarchives.org/OAI/2.0/OAI-PMH.xsd"><responseDate>2026-06-04T09:43:36Z</responseDate><request verb="GetRecord" identifier="oai:recam.amb.cat:20.500.14439/4713" metadataPrefix="marc">https://recam.amb.cat/rest/oai/request</request><GetRecord><record><header><identifier>oai:recam.amb.cat:20.500.14439/4713</identifier><datestamp>2026-04-23T23:45:47Z</datestamp><setSpec>com_20.500.14439_2794</setSpec><setSpec>com_20.500.14439_113</setSpec><setSpec>col_20.500.14439_4201</setSpec></header><metadata><record xmlns="http://www.loc.gov/MARC21/slim" xmlns:dcterms="http://purl.org/dc/terms/" xmlns:xsi="http://www.w3.org/2001/XMLSchema-instance" xmlns:doc="http://www.lyncode.com/xoai" xsi:schemaLocation="http://www.loc.gov/MARC21/slim http://www.loc.gov/standards/marcxml/schema/MARC21slim.xsd">
   <leader>00925njm 22002777a 4500</leader>
   <datafield ind2=" " ind1=" " tag="042">
      <subfield code="a">dc</subfield>
   </datafield>
   <datafield ind2=" " ind1=" " tag="720">
      <subfield code="a">Institut d'Estudis Regionals i Metropolitans de Barcelona</subfield>
      <subfield code="e">author</subfield>
   </datafield>
   <datafield ind2=" " ind1=" " tag="260">
      <subfield code="c">1998-02-01</subfield>
   </datafield>
   <datafield ind2=" " ind1=" " tag="520">
      <subfield code="a">Es publiquen en aquesta monografia, vint-i-novena de la col·lecció Papers. Regió Metropolitana de Barcelona, els materials presentats en el seminari L'habitatge a les àrees centrals. Barcelona enfront a la temptació suburbana.
L'encontre fou organitzat pel Gabinet d'Estudis Urbanistics de l'Ajuntament de Barcelona i l'Institut d'Estudis Metropolitans de Barcelona i se celebrà el dia 10 de desembre de 1997. Els materials que es publiquen aborden la qüestió de la relació entre la situació del parc d'habitatge i les tendències de dispersió de poblament en el territori de la Regió Metropolitana de Barcelona.
En conjunt s'inclouen sis articles. Els tres primers son fruit de treballs realitzats pel Gabinet d'Estudis Urbanistics de l'Ajuntament de Barcelona i són signats, respectivament, pels arquitectes Juli Esteban, Josep M. Carrera i Amador Ferrer.
Figuren, a continuació, les ponencies dels economistes Agust Jover i Ricard Vergés. El recull es clou amb l'article de Borja Carreras, gerent d'Urbanisme de T'Ajuntament de Barcelona.</subfield>
   </datafield>
   <datafield ind1="8" ind2=" " tag="024">
      <subfield code="a">8488068514</subfield>
   </datafield>
   <datafield ind1="8" ind2=" " tag="024">
      <subfield code="a">https://hdl.handle.net/20.500.14439/4713</subfield>
   </datafield>
   <datafield ind1="8" ind2=" " tag="024">
      <subfield code="a">B 41654-1998</subfield>
   </datafield>
   <datafield tag="653" ind2=" " ind1=" ">
      <subfield code="a">Habitatge</subfield>
   </datafield>
   <datafield ind2="0" ind1="0" tag="245">
      <subfield code="a">L'habitatge a les àrees centrals. Papers, 29</subfield>
   </datafield>
</record></metadata></record></GetRecord></OAI-PMH>